| 000 | 01165nam a22003137a 4500 | ||
|---|---|---|---|
| 001 | 000517 | ||
| 003 | DO-SdBNP | ||
| 005 | 20171110115526.0 | ||
| 007 | 000517 | ||
| 008 | 160921b 2011 pr a ||||| |||| 00| 0 spa d | ||
| 020 | _a9789972209246 | ||
| 040 |
_aBPMSU _bspa _cBPMSU |
||
| 082 | 4 |
_a641.5 _bM292c |
|
| 245 | 1 | 0 |
_aLas mejores recetas de la cocina saludable / _c Mancha Manteles, Sandra Salcedo, Karisa Becerra ; fotografía Stella Watmough Vega. |
| 260 |
_aBarcelona: _bLexus, _c2007. |
||
| 300 |
_a200 p. : _bil. ; _c34 cm. |
||
| 505 | 0 |
_t Los carbohidratos -- _tLas proteínas -- _tLas grasas -- _tLas vitaminas, minerales y antioxidantes -- _tAlimentación y etapas de la vida -- _tLa alimentación y las enfermedades -- _tPara tomar en cuenta. |
|
| 650 | 4 | _aCOCINA | |
| 650 | 4 | _aPREPARACIÓN DE ALIMENTOS | |
| 650 | 4 | _aCOMIDAS Y BANQUETES | |
| 700 | 1 | 2 | _aManteles, Mancha |
| 700 | 1 | 2 | _aSalcedo, Sandra |
| 700 | 1 | 2 | _aBecerra, Karisa |
| 700 | 1 | 2 |
_aWatmough Vega, Stella, _efot. |
| 910 | _aValidado. Control de calidad MFF | ||
| 942 |
_2ddc _cBK |
||
| 945 | _aInvetariado extranjerov / 2017 VM | ||
| 956 |
_2LOPEREZ _310 _620160921 _8BPMSU _a00041 |
||
| 999 |
_c11474 _d11474 |
||